Hindi Publishing in colonial Lucknow: (Record no. 180559)

MARC details
000 -LEADER
fixed length control field 00690nam a22002057a 4500
005 - DATE AND TIME OF LATEST TRANSACTION
control field 20210811150817.0
010 ## - LCCN (DPL NO)
LC control number ENG-129730
020 ## - INTERNATIONAL STANDARD BOOK NUMBER
Terms of availability 1495.00
International Standard Book Number 978-01-99488-39-1
035 ## - SYSTEM CONTROL NUMBER
System control number EN-113262
037 ## - SOURCE OF ACQUISITION
Source of stock number/acquisition DBAD/PUB
082 ## - DEWEY DECIMAL CLASSIFICATION NUMBER
Classification number 070.509542
100 ## - MAIN ENTRY--PERSONAL NAME
Personal name Nijhawan,Shobna
245 ## - TITLE STATEMENT
Title Hindi Publishing in colonial Lucknow:
Statement of responsibility, etc Shobna,Nijhawan,
Remainder of title Gender,Genre and visuaality in the creation of a literary 'canon'/
250 ## - EDITION STATEMENT
Edition statement 2018
260 ## - PUBLICATION, DISTRIBUTION, ETC. (IMPRINT)
Name of publisher, distributor, etc Oxford University press
Date of publication, distribution, etc 2018
Place of publication, distribution, etc New Delhi
270 ## - ADDRESS
Address 2/11 Ground floor,Ansari Road,Daryaganj
City New Delhi
Postal code 110002
300 ## - PHYSICAL DESCRIPTION
Extent xi;240p.
Dimensions 28cm (hbk)
500 ## - GENERAL NOTE
General note including index
942 ## - ADDED ENTRY ELEMENTS (KOHA)
Source of classification or shelving scheme Dewey Decimal Classification
Item type English Books
Classification part 954.035092
Call number prefix NIJ
Holdings
Withdrawn status Lost status Not for loan Collection code Home library Current library Date acquired Source of acquisition Cost, normal purchase price Full call number Barcode Copy number Cost, replacement price Koha item type
      Non-fiction Shahdara Branch Shahdara Branch 11/08/2021 DBAD/PUB 1495.00 954.035092 EN-113262 1 1495.00 English Books

© Delhi Public Library
Hit Counter
free hit counter